| 000 | 00589nam a2200181Ia 4500 | ||
|---|---|---|---|
| 005 | 20250326125604.0 | ||
| 008 | 250326s9999 xx 000 0 und d | ||
| 037 | _aTextbook | ||
| 040 |
_aFMSL _beng _cFMSL |
||
| 041 |
_aeng _2eng |
||
| 084 |
_aX8(A.44) K5;1 _qFMSL |
||
| 100 |
_aChatterjee N R _9138991 |
||
| 245 | 0 |
_aStudy of some problems in Indian industry- opinion survey _cChatterjee N R |
|
| 260 |
_aDelhi _bDelhi, Department of Business Management And Industrial Administration _c1965 |
||
| 300 | _a50p | ||
| 942 |
_cTB _hX8(A.44) K5;1 |
||
| 999 |
_c1278701 _d1278701 |
||